000
00198nam a2200085Ia 4500
008
120527s9999 xx 000 0 und d
100
_a
Koffman & Warsaw
245
_a
The Visual C++ manual
942
_c
BK
999
_c
27862
_d
27862